[Event "15th ETC"]
[Site "Gothenburg SWE"]
[Date "2005.08.03"]
[Round "5"]
[White "Shaw,J"]
[Black "Neubauer,M"]
[Result "1/2-1/2"]
[WhiteElo "2449"]
[BlackElo "2468"]
[EventDate "2005.07.30"]

1. e4 e5 2. Nf3 Nc6 3. Bb5 Nf6 4. O-O Nxe4 5. d4 Nd6 6. Bxc6 dxc6 7. dxe5
Nf5 8. Qxd8+ Kxd8 9. Nc3 Ke8 10. h3 Be7 11. b3 a5 12. Bb2 h5 13. a4 Be6 14.
Ne4 Rd8 15. Rad1 Rd7 16. Neg5 Bxg5 17. Nxg5 c5 18. Nxe6 fxe6 19. Rxd7 Kxd7
20. Rd1+ Kc8 21. g4 Ne7 22. Kg2 hxg4 23. hxg4 Nc6 24. f4 Rd8 25. Rxd8+ Kxd8
26. Bc3 g6 27. Kf3 b6 28. Ke4 Ne7 29. Be1 Kd7 30. Bh4 Nc6 31. c3 Nb8 32.
Kd3 Na6 33. Kc4 c6 34. Kd3 Nc7 35. c4 Na6 36. Be1 Nb4+ 37. Ke4 Nc2 38. Bc3
Ke7 39. Kd3 Nb4+ 40. Bxb4 axb4 41. Ke4 Kf7 42. Kf3 Kg7 43. Kg3 Kh7 44. Kh4
Kh6 45. Kg3 Kh7 46. Kf3 Kg7 47. Ke4 Kf7 48. f5 g5 49. f6 1/2-1/2

[Event "15th ETC"]
[Site "Gothenburg SWE"]
[Date "2005.08.03"]
[Round "5"]
[White "Grant,J"]
[Black "Lendwai,R"]
[Result "0-1"]
[WhiteElo "2273"]
[BlackElo "2416"]
[EventDate "2005.07.30"]

1. c4 c5 2. Nc3 Nc6 3. g3 g6 4. Bg2 Bg7 5. e4 d6 6. Nge2 e6 7. O-O Nge7 8.
d3 O-O 9. Be3 Nd4 10. Rb1 Qd7 11. b4 b6 12. e5 Bb7 13. Bxb7 Qxb7 14. Bxd4
cxd4 15. exd6 dxc3 16. dxe7 Rfe8 17. Qc2 Rxe7 18. Nxc3 Rd8 19. Rfd1 h5 20.
h4 f5 21. Rb3 g5 22. d4 gxh4 23. Ne2 Bh6 24. Kh2 Rg7 25. d5 exd5 26. Nd4
dxc4 27. Nxf5 Rxd1 28. Nxh6+ Kh8 29. Qxd1 cxb3 30. Qxh5 hxg3+ 31. fxg3 bxa2
32. Nf7+ Kg8 33. Nh6+ Kf8 34. Qf5+ Rf7 35. Nxf7 Qxf7 36. Qe5 0-1

[Event "15th ETC"]
[Site "Gothenburg SWE"]
[Date "2005.08.03"]
[Round "5"]
[White "Danner,G"]
[Black "Upton,T"]
[Result "1-0"]
[WhiteElo "2408"]
[BlackElo "2250"]
[EventDate "2005.07.30"]

1. d4 d5 2. Nf3 Nf6 3. c4 e6 4. Bg5 Be7 5. e3 O-O 6. Nc3 h6 7. Bh4 b6 8.
Bd3 Bb7 9. cxd5 Nxd5 10. Bg3 c5 11. Nxd5 Bxd5 12. O-O Nd7 13. e4 Bb7 14.
Rc1 Nf6 15. Qe2 Nh5 16. Rfd1 Nxg3 17. hxg3 cxd4 18. Ba6 Bxa6 19. Qxa6 e5
20. Nxe5 Bf6 21. Nc6 Qe8 22. e5 Be7 23. Qb7 Bc5 24. b4 Rc8 25. Nxa7 Rb8 26.
Qd5 Qa4 27. Nc6 Rbc8 28. bxc5 Qxc6 29. Qxc6 Rxc6 30. cxb6 Rxb6 31. Rxd4 Ra8
32. a4 g5 33. f4 Kg7 34. f5 Re8 35. Rd5 Rb2 36. Rc7 Kg8 37. a5 Ra2 38. e6
fxe6 39. fxe6 Re2 40. a6 R2xe6 41. a7 Ra8 42. Rdd7 Ree8 43. Kh2 Re6 44. Kh3
h5 45. Rg7+ Kf8 46. Rcf7+ Ke8 47. Rb7 Kf8 48. Rxg5 1-0

[Event "15th ETC"]
[Site "Gothenburg SWE"]
[Date "2005.08.03"]
[Round "5"]
[White "Wagener,Cl"]
[Black "Sepp,O"]
[Result "1/2-1/2"]
[WhiteElo "2273"]
[BlackElo "2462"]
[EventDate "2005.07.30"]

1. e4 e5 2. Nf3 Nc6 3. Bb5 Nf6 4. O-O Nxe4 5. d4 Nd6 6. Bxc6 dxc6 7. dxe5
Nf5 8. Qxd8+ Kxd8 9. Nc3 Ne7 10. h3 h6 11. Ne4 Ng6 12. b3 Be6 13. Bb2 c5
14. c4 Be7 15. Rad1+ Kc8 16. Ne1 Nf4 17. Nd3 Nxd3 18. Rxd3 g5 19. Nf6 Bxf6
20. exf6 a5 21. a4 Ra6 22. Bc3 Rd8 23. Rfd1 Rad6 24. Rxd6 Rxd6 25. Rxd6
cxd6 26. Bxa5 Bf5 27. g4 Bc2 28. b4 Kd7 29. bxc5 dxc5 30. f4 gxf4 31. Kf2
Bxa4 32. Kf3 Bb3 33. Kxf4 Bxc4 34. Ke5 Kc6 35. Bd2 h5 36. gxh5 b5 37. h6
Bd3 38. h4 b4 39. h5 Bh7 40. Be1 Bb1 41. Bd2 Bd3 42. Be1 Bc2 43. Bd2 Bh7
44. Be1 Bd3 45. Bd2 1/2-1/2

[Event "15th ETC"]
[Site "Gothenburg SWE"]
[Date "2005.08.03"]
[Round "5"]
[White "Seeman,T"]
[Black "Weber,Je"]
[Result "1-0"]
[WhiteElo "2405"]
[BlackElo "2262"]
[EventDate "2005.07.30"]

1. g3 c5 2. Bg2 Nc6 3. e4 g6 4. f4 d6 5. d3 Bg7 6. Nf3 e6 7. O-O Nge7 8. c3
O-O 9. Be3 b6 10. a4 Bb7 11. Na3 Rc8 12. Bf2 Qd7 13. Qc2 Rfd8 14. Rad1 Na5
15. g4 f5 16. h3 c4 17. exf5 gxf5 18. dxc4 Nxc4 19. Nb5 Nd5 20. gxf5 Nce3
21. Bxe3 Nxe3 22. Qe2 Nxf1 23. fxe6 Qe7 24. Rxf1 Rf8 25. Ng5 Bxg2 26. Kxg2
Rce8 27. Qe4 Be5 28. Rf3 Qg7 29. Nd4 Kh8 30. h4 h6 31. e7 Rxf4 32. Rxf4
Bxf4 33. Nf5 Qf6 34. Qxf4 hxg5 35. hxg5 Qg6 36. Kg3 Kg8 37. Qc4+ Kh7 38.
Qh4+ Kg8 39. Qc4+ Kh7 40. Qf4 Kg8 41. Kg4 Kh7 42. Qh2+ Kg8 43. Qh6 Qf7 44.
Qf6 Qc4+ 45. Kh5 Qf7+ 46. Qxf7+ 1-0

[Event "15th ETC"]
[Site "Gothenburg SWE"]
[Date "2005.08.03"]
[Round "5"]
[White "Kanep,M"]
[Black "Berend,E"]
[Result "1-0"]
[WhiteElo "2491"]
[BlackElo "2350"]
[EventDate "2005.07.30"]

1. d4 Nf6 2. Bg5 Ne4 3. h4 h6 4. Bf4 d5 5. f3 Nf6 6. e3 c5 7. c3 Nc6 8. g4
e6 9. Nd2 cxd4 10. cxd4 Bd6 11. Nh3 e5 12. dxe5 Bxe5 13. Qb3 Qc7 14. O-O-O
Nd4+ 15. Qc3 Qxc3+ 16. bxc3 Nc6 17. Kb2 O-O 18. Bxe5 Nxe5 19. Nf4 Rd8 20.
Be2 b6 21. g5 Ne8 22. Rhg1 Kf8 23. Nh5 Bf5 24. Ng3 Nd6 25. f4 Nd3+ 26. Ka1
Nf2 27. Rdf1 Nfe4 28. Ndxe4 Bxe4 29. f5 hxg5 30. hxg5 Ke7 31. f6+ gxf6 32.
gxf6+ Kd7 33. c4 Kc7 34. Rd1 Ne8 35. Rgf1 Rd6 36. cxd5 Bxd5 37. Nf5 Rdd8
38. Rc1+ Kb8 39. Rfd1 Nxf6 40. Ne7 Kb7 41. Nxd5 Rxd5 42. Bf3 Rad8 43. Kb2
Kb8 44. Bxd5 Rxd5 45. Rxd5 Nxd5 46. e4 Nf6 47. Rc4 Nd7 48. Kc3 Ne5 49. Ra4
Nc6 50. Kc4 Kc7 51. Kd5 b5 52. Ra3 Kb6 53. Kd6 a5 54. Rf3 Nb4 55. a3 Nc2
56. e5 a4 57. Rxf7 Nxa3 58. e6 Nc4+ 59. Kd5 Ne3+ 60. Kd4 Nc2+ 61. Kc3 Ne3
62. e7 Nd5+ 63. Kb2 1-0

[Event "15th ETC"]
[Site "Gothenburg SWE"]
[Date "2005.08.03"]
[Round "5"]
[White "Bakalarz,M"]
[Black "Kulaots,K"]
[Result "0-1"]
[WhiteElo "2423"]
[BlackElo "2570"]
[EventDate "2005.07.30"]

1. d4 Nf6 2. Nf3 e6 3. Bg5 h6 4. Bh4 d6 5. h3 Be7 6. e3 Nbd7 7. Nbd2 b6 8.
Bd3 Bb7 9. c3 a6 10. O-O O-O 11. Bg3 Re8 12. Qe2 Bf8 13. Rad1 e5 14. dxe5
dxe5 15. Bc4 e4 16. Nh4 b5 17. Bb3 Qc8 18. Ng6 Bc5 19. Rfe1 Bb6 20. Bh4 c5
21. Bxf6 Nxf6 22. Nf4 c4 23. Bc2 Qc5 24. Nf1 Qe5 25. Ng3 g6 26. Rd2 Kg7 27.
Red1 Bc7 28. Rd4 Qg5 29. Qd2 h5 30. b3 h4 31. Nf1 cxb3 32. Bxb3 Bb6 33. Rd6
Bc5 34. c4 Bxd6 35. Qxd6 bxc4 36. Bxc4 Qa5 37. Rb1 Rad8 38. Qb6 Qxb6 39.
Rxb6 Bc8 40. g4 hxg3 41. Nxg3 Nd7 42. Nfh5+ Kf8 43. Rd6 Ne5 0-1

[Event "15th ETC"]
[Site "Gothenburg SWE"]
[Date "2005.08.03"]
[Round "5"]
[White "Klerides,P"]
[Black "Spice,A"]
[Result "0-1"]
[WhiteElo "2224"]
[BlackElo "2175"]
[EventDate "2005.07.30"]

1. e4 e6 2. d4 d5 3. Nc3 Nf6 4. e5 Nfd7 5. f4 c5 6. Nf3 Nc6 7. Be3 cxd4 8.
Nxd4 Bc5 9. Qd2 a6 10. O-O-O O-O 11. h4 Bxd4 12. Bxd4 b5 13. Rh3 Qa5 14.
Kb1 Nxd4 15. Qxd4 b4 16. Ne2 Qc5 17. Qd2 a5 18. Nd4 Ba6 19. Bxa6 Rxa6 20.
Re1 Rc8 21. f5 exf5 22. Nxf5 Re6 23. Rg3 g6 24. Nh6+ Kg7 25. Rg5 Rce8 26.
Ng4 h5 27. Nf6 Nxf6 28. exf6+ Kxf6 29. Rc1 Re2 30. Qf4+ Kg7 31. g4 f6 32.
gxh5 fxg5 33. h6+ Kg8 34. Qf6 Qe7 35. Qxg6+ Kh8 36. hxg5 Re1 37. c3 Qh7 38.
Qxh7+ Kxh7 39. cxb4 axb4 40. Rxe1 Rxe1+ 41. Kc2 Re3 0-1

[Event "15th ETC"]
[Site "Gothenburg SWE"]
[Date "2005.08.03"]
[Round "5"]
[White "Kett,T"]
[Black "Kyriakidis,T"]
[Result "1-0"]
[WhiteElo "2192"]
[BlackElo "2144"]
[EventDate "2005.07.30"]

1. e4 e5 2. Nc3 Nf6 3. g3 Nc6 4. Bg2 Bc5 5. d3 a5 6. h3 d6 7. Nge2 Nd4 8.
Nxd4 Bxd4 9. O-O c6 10. Kh2 a4 11. Ne2 Bb6 12. f4 Qe7 13. c3 Bc7 14. Be3 h5
15. Qd2 h4 16. g4 Bxg4 17. fxe5 Qxe5+ 18. Bf4 Qe6 19. Nd4 Qd7 20. hxg4
Nxg4+ 21. Kh1 h3 22. Bf3 Ne5 23. Bh2 Nxf3 24. Rxf3 O-O-O 25. Qf4 f6 26. Qf5
Qxf5 27. exf5 Rdg8 28. Rg1 Bb6 29. Bxd6 Rd8 30. Bh2 Bxd4 31. cxd4 Rxd4 32.
Rxg7 Rb4 33. Rf2 Re8 34. Bg3 Re3 35. Kh2 Rd4 36. Rf4 Rxf4 37. Bxf4 Rxd3 38.
Rc7+ Kd8 39. Rxb7 Rf3 40. Rb4 a3 41. bxa3 Rxa3 42. Bg3 Ra5 43. Rf4 Rxa2+
44. Kxh3 Ra5 45. Kg4 Ke7 46. Re4+ Kf7 47. Rc4 Ra6 48. Rb4 Ra7 49. Rb6 Ra4+
50. Kh5 Ra3 51. Rb7+ Ke8 52. Bh4 1-0

[Event "15th ETC"]
[Site "Gothenburg SWE"]
[Date "2005.08.03"]
[Round "5"]
[White "Kassinopoullos,D"]
[Black "James,Dav"]
[Result "0-1"]
[WhiteElo "2094"]
[BlackElo "2213"]
[EventDate "2005.07.30"]

1. e4 c5 2. Nf3 d6 3. d4 cxd4 4. Nxd4 Nf6 5. Nc3 a6 6. Bg5 e6 7. f4 Be7 8.
Qf3 Nbd7 9. O-O-O Qa5 10. Nb3 Qc7 11. Bd3 h6 12. Qh3 b5 13. Rhe1 b4 14. Ne2
a5 15. Kb1 a4 16. Nbc1 a3 17. b3 Bb7 18. e5 dxe5 19. f5 e4 20. fxe6 O-O 21.
Bc4 Qe5 22. exf7+ Kh8 23. Bxf6 Bxf6 24. c3 Nb6 25. Qg3 Nxc4 26. Nf4 Kh7 27.
Qg6+ Kh8 28. Qg3 Qxc3 29. Ng6+ Kh7 30. Nxf8+ Rxf8 31. Qxc3 Bxc3 32. bxc4
Bxe1 33. Rxe1 Rxf7 34. Kc2 Rd7 35. Re3 Kg6 36. Nb3 Bc6 37. Nc5 Rd4 38. Kb3
Rd2 39. Rg3+ Kf6 40. Kxb4 Rxa2 41. Nb3 g5 42. Nd4 Bd7 43. c5 Rd2 0-1

[Event "15th ETC"]
[Site "Gothenburg SWE"]
[Date "2005.08.03"]
[Round "5"]
[White "Jones,Ri"]
[Black "Antoniou,A"]
[Result "1/2-1/2"]
[WhiteElo "2072"]
[BlackElo "2198"]
[EventDate "2005.07.30"]

1. e4 e5 2. Nf3 Nc6 3. Bb5 Nf6 4. O-O Bc5 5. c3 O-O 6. d4 Bb6 7. Bg5 h6 8.
Bh4 d6 9. Qd3 Qe7 10. Nbd2 Nd8 11. Bg3 c6 12. Ba4 Bc7 13. Bb3 Nh5 14. Nc4
Nxg3 15. fxg3 Ne6 16. Nh4 Ng5 17. Ne3 Kh7 18. Nhf5 Bxf5 19. Nxf5 Qd7 20.
dxe5 g6 21. Nxd6 f6 22. Qe2 fxe5 23. Nc4 b5 24. Nd2 Rad8 25. Rxf8 Rxf8 26.
Nf3 Qg4 27. Nxg5+ Qxg5 28. Qd3 Bb6+ 29. Kh1 Qe7 30. h3 Rf2 31. Rf1 1/2-1/2

[Event "15th ETC"]
[Site "Gothenburg SWE"]
[Date "2005.08.04"]
[Round "6"]
[White "Lautier,J"]
[Black "Sutovsky,E"]
[Result "0-1"]
[WhiteElo "2672"]
[BlackElo "2674"]
[EventDate "2005.07.30"]

1. c4 Nf6 2. Nc3 e5 3. Nf3 Nc6 4. g3 Nd4 5. Bg2 Nxf3+ 6. Bxf3 Bc5 7. d3 h6
8. a3 O-O 9. e3 c6 10. b4 Be7 11. d4 exd4 12. Qxd4 d5 13. O-O dxc4 14. Qxc4
Nd7 15. Bg2 Ne5 16. Qe2 Bg4 17. f3 Be6 18. Rd1 Qb6 19. Na4 Qc7 20. Qc2 Nc4
21. f4 Rad8 22. Re1 b5 23. Nc3 Qd7 24. Rd1 Qc8 25. Re1 Bf6 26. Rb1 Bxc3 27.
Qxc3 Bh3 28. e4 Bxg2 29. Kxg2 Rd6 30. Qf3 Rfd8 31. Rb3 Rd2+ 32. Re2 Rd1 33.
Rc3 Qd7 34. Be3 Ra1 35. Rf2 a6 36. Bc5 Nd2 37. Qe3 f5 38. Bb6 Nxe4 39. Bxd8
Nxf2 40. Kxf2 Ra2+ 41. Ke1 Qd5 0-1

[Event "15th ETC"]
[Site "Gothenburg SWE"]
[Date "2005.08.04"]
[Round "6"]
[White "Gelfand,B"]
[Black "Bacrot,E"]
[Result "1/2-1/2"]
[WhiteElo "2724"]
[BlackElo "2729"]
[EventDate "2005.07.30"]

1. e4 e5 2. Nf3 Nc6 3. Bb5 a6 4. Ba4 Nf6 5. O-O Be7 6. Re1 b5 7. Bb3 d6 8.
c3 O-O 9. d4 Bg4 10. Be3 exd4 11. cxd4 Na5 12. Bc2 c5 13. h3 Bxf3 14. Qxf3
cxd4 15. Bxd4 Rc8 16. Qd1 Nd7 17. Nc3 Bf6 18. Re2 Be5 19. Nd5 Nc6 20. Bc3
Nb6 21. Rc1 Nxd5 22. exd5 b4 23. dxc6 bxc3 24. bxc3 Rxc6 25. Be4 Rb6 26. c4
g6 27. Rb1 Rxb1 28. Qxb1 Qb8 29. Qxb8 Rxb8 30. g4 1/2-1/2

[Event "15th ETC"]
[Site "Gothenburg SWE"]
[Date "2005.08.04"]
[Round "6"]
[White "Mamedyarov,S"]
[Black "Eljanov,P"]
[Result "1-0"]
[WhiteElo "2646"]
[BlackElo "2639"]
[EventDate "2005.07.30"]

1. d4 Nf6 2. c4 g6 3. Nc3 d5 4. Bf4 Bg7 5. e3 c5 6. dxc5 Qa5 7. Rc1 dxc4 8.
Bxc4 O-O 9. Nge2 Qxc5 10. Qb3 Nc6 11. Nb5 Qh5 12. Ng3 Qh4 13. Nc7 e5 14.
Bg5 Qxg5 15. h4 Qg4 16. Nxa8 Na5 17. Qb5 Nxc4 18. Rxc4 Bd7 19. Qb4 e4 20.
Qxb7 Be6 21. Rd4 Nd7 22. Rxd7 Bxd7 23. Nc7 Be5 24. O-O Qxh4 25. Qxa7 Bxb2
26. a4 Be5 27. a5 Bc6 28. Qb6 Rc8 29. Qxc6 Bxg3 30. fxg3 Qxg3 31. Qxe4 Qxc7
32. a6 Qa7 33. Ra1 Rd8 34. Kh1 Ra8 35. Qc6 Rb8 36. Qd6 Ra8 37. Ra3 Rc8 38.
Kh2 Ra8 39. Kg1 Rc8 40. Rb3 Qc7 41. Qxc7 Rxc7 42. Ra3 Ra7 43. Kf2 Kf8 44.
e4 Ke7 45. Ke3 Kd6 46. Kd4 f6 47. Kc4 Kc6 48. g3 h5 49. Ra2 Kb6 50. Rf2
Rc7+ 51. Kd5 Rc5+ 52. Kd6 Rc6+ 53. Kd7 Rc7+ 54. Ke6 Rc6+ 55. Kf7 g5 56. Rh2
Kxa6 57. Rxh5 Kb7 58. g4 Kc7 59. Rh1 Rd6 60. Ke7 Rc6 61. Rd1 Rb6 62. Rf1
Rc6 63. Rd1 Rc4 64. Kxf6 Rxe4 65. Kxg5 Ra4 66. Kh5 1-0

[Event "15th ETC"]
[Site "Gothenburg SWE"]
[Date "2005.08.04"]
[Round "6"]
[White "Istratescu,A"]
[Black "Aronian,L"]
[Result "1/2-1/2"]
[WhiteElo "2624"]
[BlackElo "2724"]
[EventDate "2005.07.30"]

1. d4 Nf6 2. c4 e6 3. Nc3 Bb4 4. Qc2 d5 5. cxd5 exd5 6. Bg5 c5 7. e3 cxd4
8. exd4 Nc6 9. Bb5 h6 10. Bh4 g5 11. Bg3 Qb6 12. Bxc6+ Qxc6 13. Nge2 Ne4
14. O-O Bf5 15. Qb3 Bxc3 16. Nxc3 Nxc3 17. bxc3 O-O 18. Rfe1 Rfe8 19. h4 f6
20. hxg5 hxg5 21. f3 Kf7 22. Rxe8 Rxe8 23. Re1 Rxe1+ 24. Bxe1 Bd3 25. Bg3
Qd7 26. Qa3 g4 27. Qd6 Qxd6 28. Bxd6 Bc4 29. a3 1/2-1/2

[Event "15th ETC"]
[Site "Gothenburg SWE"]
[Date "2005.08.04"]
[Round "6"]
[White "Socko,B"]
[Black "Olsson,An"]
[Result "1-0"]
[WhiteElo "2615"]
[BlackElo "2416"]
[EventDate "2005.07.30"]

1. e4 e6 2. d4 d5 3. Nd2 Nf6 4. e5 Nfd7 5. Bd3 c5 6. c3 Nc6 7. Ne2 cxd4 8.
cxd4 f6 9. exf6 Qxf6 10. Nf3 Bd6 11. O-O h6 12. Ng3 O-O 13. Bc2 Rd8 14. Re1
Nf8 15. Ne5 Bxe5 16. dxe5 Qh4 17. f4 Bd7 18. Be3 Be8 19. Rc1 Rac8 20. Bb1
b6 21. f5 Nxe5 22. Rxc8 Rxc8 23. fxe6 Ng4 24. Nf1 Nxe3 25. Rxe3 d4 26. Re1
Bh5 27. Qd2 Re8 28. Ng3 Rxe6 29. Be4 Bf7 30. Qxd4 Qf6 31. Rd1 Qxd4+ 32.
Rxd4 Re5 33. a3 Ne6 34. Rd6 Nc5 35. Bf5 Rd5 36. Rc6 Re5 37. b4 Ne6 38. Rc8+
Nf8 39. Bd3 Be6 40. Rc7 Re3 41. Rc3 Re1+ 42. Kf2 Ra1 43. Ne2 a5 44. bxa5
bxa5 45. Ke3 Kf7 46. Nd4 Nd7 47. Bb5 Nf6 48. Rc7+ Bd7 49. Kd2 Ke8 50. Bxd7+
Nxd7 51. Rc3 Nf6 52. Re3+ Kd7 53. Nc2 Rg1 54. Ne1 Kd6 55. Ke2 Nd5 56. Rg3
g5 57. Kf2 Rh1 58. Rh3 Kc5 59. Rxh6 Nc3 60. Rg6 Kc4 61. Nf3 Kb3 62. Ke3
Kxa3 63. Kd3 Kb4 64. Rxg5 Nb5 65. Rg4+ Kc5 66. Ra4 Kb6 67. h3 Rb1 68. Nd2
Rg1 69. Nc4+ Kc5 70. Ne3 Kb6 71. h4 Nd6 72. h5 Rh1 73. g4 Nb7 74. Ra2 Rh3
75. Kd4 Nd6 76. Nd5+ Ka6 77. Ke5 Nc4+ 78. Kf6 Kb5 79. Kg5 a4 80. Nf4 Rh1
81. h6 Ne5 82. Nh5 Nf7+ 83. Kg6 Nxh6 84. Kxh6 Rg1 85. Kg5 Kb4 86. Nf4 Kb3
87. Re2 a3 88. Re3+ Kb4 89. Nd3+ Kc3 90. Nc1+ Kb4 91. Re4+ Kb5 92. Ne2 Rg2
93. Nc3+ Kc5 94. Ra4 Rc2 95. Rxa3 Kb4 96. Nb1 Rc1 97. Ra8 1-0

[Event "15th ETC"]
[Site "Gothenburg SWE"]
[Date "2005.08.04"]
[Round "6"]
[White "Hracek,Z"]
[Black "Jobava,Ba"]
[Result "1/2-1/2"]
[WhiteElo "2591"]
[BlackElo "2621"]
[EventDate "2005.07.30"]

1. e4 c5 2. Nf3 d6 3. d4 cxd4 4. Nxd4 Nf6 5. Nc3 Nc6 6. Bg5 e6 7. Qd2 Be7
8. O-O-O O-O 9. Nb3 a5 10. a4 Qb6 11. Bb5 Rd8 12. Qe2 Qc7 13. h4 Nb4 14. g4
Bd7 15. Bxd7 Qxd7 16. Nb5 Ne8 17. c3 Na6 18. Be3 Nac7 19. N3d4 d5 20. e5
Nxb5 21. Qxb5 Nc7 22. Qxd7 Rxd7 23. f4 Bc5 24. Rhe1 Re8 25. h5 f6 26. exf6
gxf6 27. Nf3 b6 28. g5 Rf8 29. Bd4 Bxd4 30. Nxd4 Rd6 31. gxf6 Kf7 32. Re5
Kxf6 33. h6 Na6 34. Nf3 1/2-1/2

[Event "15th ETC"]
[Site "Gothenburg SWE"]
[Date "2005.08.04"]
[Round "6"]
[White "Kritz,L"]
[Black "Ruck,R"]
[Result "1/2-1/2"]
[WhiteElo "2544"]
[BlackElo "2546"]
[EventDate "2005.07.30"]

1. e4 c6 2. d4 d5 3. Nc3 dxe4 4. Nxe4 Bf5 5. Ng3 Bg6 6. h4 h6 7. Nf3 Nd7 8.
h5 Bh7 9. Bd3 Bxd3 10. Qxd3 e6 11. Bf4 Qa5+ 12. Bd2 Bb4 13. c3 Be7 14. c4
Qc7 15. O-O-O Ngf6 16. Kb1 O-O 17. Rhe1 Rfe8 18. Ne5 Rad8 19. Nxf7 Kxf7 20.
Qg6+ Kg8 21. Bxh6 Bf8 22. Bg5 Bb4 23. Ne4 Nxe4 24. Bxd8 Nd2+ 25. Rxd2 Rxd8
26. Qxe6+ Kf8 27. h6 Nf6 28. h7 Nxh7 29. Rh1 Qd7 30. Re2 Qxe6 31. Rxe6 Kg8
32. Rh4 Nf6 33. Kc2 Kf7 34. Re5 Bd6 35. Re2 Bc7 36. Kc3 Bb6 37. Re5 1/2-1/2

[Event "15th ETC"]
[Site "Gothenburg SWE"]
[Date "2005.08.04"]
[Round "6"]
[White "Gyimesi,Z"]
[Black "Dautov,R"]
[Result "1/2-1/2"]
[WhiteElo "2628"]
[BlackElo "2595"]
[EventDate "2005.07.30"]

1. d4 d5 2. c4 c6 3. Nf3 Nf6 4. Nc3 a6 5. c5 Nbd7 6. Bf4 Nh5 7. e3 Nxf4 8.
exf4 b5 9. cxb6 e6 10. Bd3 Bd6 11. f5 Nxb6 12. Qc2 exf5 13. Bxf5 Qe7+ 14.
Kf1 Bxf5 15. Qxf5 g6 16. Qd3 O-O 17. g3 a5 18. Kg2 a4 19. Rac1 Nc4 20. Rc2
Rfb8 21. Re1 Qf6 22. Ree2 Rb4 23. Nd2 Nxb2 24. Rxb2 Rxb2 25. Nde4 dxe4 26.
Nxe4 Qf5 27. Rxb2 Rd8 28. Qf3 Be7 29. Rb7 Qe6 30. Qf4 a3 31. Qe5 Qxe5 32.
dxe5 Kf8 33. Rc7 c5 34. f4 h5 35. h3 Ke8 36. g4 hxg4 37. hxg4 Rd5 38. Kf3
Kd8 39. Ra7 c4 40. Ra8+ Kd7 41. Ra7+ Kd8 1/2-1/2

[Event "15th ETC"]
[Site "Gothenburg SWE"]
[Date "2005.08.04"]
[Round "6"]
[White "Gustafsson,J"]
[Black "Berkes,F"]
[Result "1-0"]
[WhiteElo "2614"]
[BlackElo "2619"]
[EventDate "2005.07.30"]

1. Nf3 Nf6 2. c4 e6 3. g3 d5 4. d4 dxc4 5. Bg2 a6 6. Ne5 c5 7. Na3 cxd4 8.
Naxc4 Bc5 9. O-O O-O 10. Bd2 Nd5 11. Rc1 b6 12. Qb3 Nd7 13. Rfd1 a5 14. Qa4
Qc7 15. Bf4 Nxf4 16. gxf4 Ra6 17. Qc6 Qa7 18. Qb5 Nb8 19. Na3 Qe7 20. Nc2
f6 21. Nd3 Bd7 22. Qc4 Ra7 23. Nxd4 Rc7 24. Nxc5 Rxc5 25. Qb3 Rxc1 26. Rxc1
Qd6 27. e3 a4 28. Qa3 Qxa3 29. bxa3 Na6 30. Rb1 Rc8 31. Bb7 1-0

[Event "15th ETC"]
[Site "Gothenburg SWE"]
[Date "2005.08.04"]
[Round "6"]
[White "Hug,W"]
[Black "Halkias,S"]
[Result "0-1"]
[WhiteElo "2445"]
[BlackElo "2548"]
[EventDate "2005.07.30"]

1. d4 Nf6 2. Nf3 e6 3. Bg5 h6 4. Bh4 d6 5. c3 b6 6. e3 g5 7. Bg3 Nh5 8.
Bb5+ c6 9. Bd3 Nd7 10. Nbd2 Bb7 11. a4 a5 12. O-O Qc7 13. Qe2 Bg7 14. Ne4
Nxg3 15. Nxg3 Nf6 16. Nd2 h5 17. Nge4 Nxe4 18. Nxe4 g4 19. Nd2 c5 20. f4 f5
21. dxc5 bxc5 22. Bb5+ Kf7 23. e4 Bf6 24. Rae1 Kg7 25. exf5 exf5 26. Nc4
Be4 27. Ne3 d5 28. Bd3 Qd7 29. Rd1 d4 30. Kh1 Rhe8 31. Bb5 Qf7 32. Bxe8
Rxe8 33. Nc4 Bf3 34. Qd3 Be2 35. Qxf5 Bxc4 36. Rfe1 Be2 37. Qxc5 Bxd1 38.
Rxd1 Qe6 39. Rg1 d3 40. Qxh5 Rh8 41. Qc5 g3 42. Rf1 Rxh2+ 43. Kg1 Qe2 0-1

[Event "15th ETC"]
[Site "Gothenburg SWE"]
[Date "2005.08.04"]
[Round "6"]
[White "Gallagher,Jo"]
[Black "Papaioannou,I"]
[Result "1/2-1/2"]
[WhiteElo "2544"]
[BlackElo "2578"]
[EventDate "2005.07.30"]

1. e4 c6 2. d4 d5 3. Nd2 dxe4 4. Nxe4 Nd7 5. Nf3 Ngf6 6. Ng3 e6 7. Bd3 Be7
8. O-O O-O 9. Qe2 c5 10. Rd1 Qc7 11. c4 Re8 12. b3 b6 13. Bb2 Bb7 14. dxc5
Bxc5 15. Ne4 Bxe4 16. Bxe4 Rad8 17. h3 1/2-1/2

[Event "15th ETC"]
[Site "Gothenburg SWE"]
[Date "2005.08.04"]
[Round "6"]
[White "Banikas,H"]
[Black "Jenni,F"]
[Result "1-0"]
[WhiteElo "2548"]
[BlackElo "2494"]
[EventDate "2005.07.30"]

1. d4 Nf6 2. c4 e6 3. Nf3 b6 4. a3 Ba6 5. Qc2 Bb7 6. Nc3 c5 7. e4 cxd4 8.
Nxd4 d6 9. Be2 Be7 10. Be3 Nbd7 11. O-O a6 12. f3 Rc8 13. Rfd1 O-O 14. Rac1
Qc7 15. Bf1 Qb8 16. Qf2 Bd8 17. Kh1 Bc7 18. Qh4 Rfe8 19. Nc2 Rcd8 20. Rd2
Ne5 21. Rcd1 d5 22. cxd5 exd5 23. Nxd5 Nxd5 24. exd5 Ng6 25. Qb4 a5 26. Qb3
Bxh2 27. d6 Rxd6 28. Bc4 Rf6 29. Bg5 Bg3 30. Bxf6 Qf4 31. Bxf7+ Kh8 32. Qe6
Qh6+ 33. Qh3 Qxh3+ 34. gxh3 Bxf3+ 35. Kg1 Rf8 36. Bxg6 Bxd1 37. Rxd1 gxf6
38. Bf5 Be5 39. b3 Rg8+ 40. Kf1 Rg5 41. Rd8+ Kg7 42. Rd7+ Kf8 43. Bxh7 Rh5
44. Ne3 Rxh3 45. Ke2 Ke8 46. Bg6+ Kxd7 47. Bf5+ Kc6 48. Bxh3 b5 49. a4 bxa4
50. bxa4 Kc5 51. Kd3 Kb4 52. Bd7 Kb3 53. Nc2 Bc7 54. Be6+ Kb2 55. Ne3 Kc1
56. Nd5 Bd8 57. Bf5 Kd1 58. Kc4 1-0

[Event "15th ETC"]
[Site "Gothenburg SWE"]
[Date "2005.08.04"]
[Round "6"]
[White "Spasov,V"]
[Black "Elsness,F"]
[Result "1/2-1/2"]
[WhiteElo "2551"]
[BlackElo "2440"]
[EventDate "2005.07.30"]

1. e4 c5 2. Nf3 d6 3. d4 cxd4 4. Nxd4 Nf6 5. Nc3 a6 6. Be3 Ng4 7. Bg5 h6 8.
Bh4 g5 9. Bg3 Bg7 10. h3 Ne5 11. Nf5 Bxf5 12. exf5 Nbc6 13. Nd5 e6 14. Ne3
Qe7 15. Be2 O-O 16. O-O d5 17. c3 Rad8 18. fxe6 Qxe6 19. Nc2 d4 20. cxd4
Nxd4 21. Nxd4 Rxd4 22. Qc1 Rc8 23. Qe3 Rc2 24. Rad1 Nc6 25. Bg4 Qxe3 26.
fxe3 Rdd2 27. Rxd2 Rxd2 28. Bh5 Rd7 29. b3 Be5 30. Be1 Kg7 31. Rf2 Re7 32.
Kf1 Bg3 33. Bc3+ Be5 34. Bd2 Bd6 35. Ke2 Rd7 36. Rf5 Ne5 37. Ba5 f6 38. Rf1
Bc7 39. Bc3 Bb6 40. Rc1 Nc6 41. Bd2 Re7 42. Rf1 Ne5 43. Bc3 Nd7 44. Rf3 Ne5
45. Rf5 Re6 46. Bxe5 Rxe5 47. Rxe5 fxe5 48. Bf3 a5 49. Bxb7 h5 50. Kd3 Kf6
51. g3 h4 52. gxh4 gxh4 53. Ke4 Ke6 54. Bc8+ Kd6 55. Bg4 Bc5 56. Be2 Bb6
57. Bc4 Bc5 58. Kf3 Ke7 59. Kg4 Bxe3 60. Kxh4 Kf6 61. Bd3 Bd2 62. Be4 Be3
63. Kg4 Bd2 64. h4 Be1 65. Bd3 Bf2 66. h5 Be3 67. Kf3 Bf4 68. Ke4 Kg5 69.
Be2 Bg3 70. Kd5 Kh6 71. Kc4 Be1 72. Kb5 e4 73. Kc4 e3 74. Kd3 Bd2 75. Bd1
Kg5 76. Be2 Kh6 77. Bd1 Kg5 78. Be2 Kh6 79. Bd1 1/2-1/2

[Event "15th ETC"]
[Site "Gothenburg SWE"]
[Date "2005.08.04"]
[Round "6"]
[White "Nordahl,H"]
[Black "Bojkov,D"]
[Result "1/2-1/2"]
[WhiteElo "2423"]
[BlackElo "2522"]
[EventDate "2005.07.30"]

1. d4 Nf6 2. c4 g6 3. Nc3 Bg7 4. e4 d6 5. f4 O-O 6. Nf3 Na6 7. Be2 e5 8.
dxe5 dxe5 9. Nxe5 Qxd1+ 10. Kxd1 Rd8+ 11. Kc2 Nc5 12. Bf3 Nfxe4 13. Nxe4
Bf5 14. Re1 Bxe5 15. fxe5 Rd4 16. Kc3 Rd3+ 17. Kc2 Rd4 18. Kc3 Rd3+ 19. Kc2
Rd4 20. Kc3 1/2-1/2

[Event "15th ETC"]
[Site "Gothenburg SWE"]
[Date "2005.08.04"]
[Round "6"]
[White "Lie,K"]
[Black "Cheparinov,I"]
[Result "1-0"]
[WhiteElo "2472"]
[BlackElo "2634"]
[EventDate "2005.07.30"]

1. e4 c5 2. Nf3 d6 3. d4 cxd4 4. Nxd4 Nf6 5. Nc3 a6 6. Bc4 e6 7. Be3 b5 8.
Bb3 Bb7 9. f4 b4 10. Na4 Bxe4 11. f5 e5 12. Nf3 Bxf5 13. Nxe5 Be6 14. Bxe6
fxe6 15. Qf3 Nbd7 16. Nxd7 Nxd7 17. O-O Nf6 18. Bb6 Qb8 19. Rae1 e5 20.
Qc6+ Kf7 21. Qc4+ Ke7 22. Rxe5+ dxe5 23. Bc5+ Kd8 24. Rd1+ Nd7 25. Qe6 1-0

[Event "15th ETC"]
[Site "Gothenburg SWE"]
[Date "2005.08.04"]
[Round "6"]
[White "Sulskis,S"]
[Black "Markus,R"]
[Result "0-1"]
[WhiteElo "2535"]
[BlackElo "2591"]
[EventDate "2005.07.30"]

1. e4 c5 2. Nf3 e6 3. b3 b6 4. d4 cxd4 5. Nxd4 a6 6. Bb2 Bb7 7. Bd3 d6 8.
c4 Nf6 9. Nc3 g6 10. O-O Bg7 11. Qd2 O-O 12. Rfe1 Qc7 13. Rad1 Nbd7 14. Bf1
Rad8 15. f3 Ne5 16. f4 Ned7 17. b4 e5 18. Nf3 exf4 19. Nd5 Bxd5 20. exd5
Nh5 21. Re7 Bxb2 22. Qxb2 Rde8 23. Ree1 Qd8 24. Nd4 Qf6 25. Qf2 Ng7 26. Nc6
g5 27. Bd3 h6 28. Be2 Re3 29. Bg4 Ne5 30. Nxe5 Qxe5 31. Bd7 Rd8 32. Bc6 Nf5
33. a4 a5 34. bxa5 bxa5 35. Qd2 Rb8 36. Bb5 Rb7 37. Qxa5 Re7 38. Rf1 Re2
39. c5 Qe3+ 40. Kh1 Ng3+ 0-1